Pohádky česky i anglicky : čti si pohádky a uč se anglicky! /

Hlavní autor: Fic, Dorota
Další autoři: Hamera, Andrzej, Samol, Dominik, Benešová, Alena
Jazyk: Čeština
Angličtina
Vydáno: Říčany u Prahy : Junior, c2006
Témata:
Fyzický popis: 63 s. : barev. il. ; 30 cm
Language note: Souběžný anglický text
Knihy
Uloženo v:
LEADER 01987nam a2200553 a 4500
001 nkc20061647400
003 CZ PrNK
005 20111005081509.0
007 ta
008 060316s2006 xr a a 000 f cze
015 |a cnb001647400 
020 |a 80-7267-212-6  |q (váz.) 
035 |a (OCoLC)85545567 
040 |a BOA001  |b cze  |d ABA001 
041 1 |a cze  |a eng  |h pol  |h eng 
072 7 |a 811.111  |x Angličtina  |2 Konspekt  |9 11 
072 7 |a 821-93  |x Literatura pro děti a mládež (beletrie)  |2 Konspekt  |9 26 
080 |a 821-93  |2 MRF 
080 |a 821-34  |2 MRF 
080 |a 811.111  |2 MRF 
080 |a 028.4-028.31/.32  |2 MRF 
080 |a (0:82-34)  |2 MRF 
080 |a (0.027)=030  |2 MRF 
100 1 |a Fic, Dorota  |7 mzk2006331490  |4 ill 
245 1 0 |a Pohádky česky i anglicky :  |b čti si pohádky a uč se anglicky! /  |c [ilustrace Dorota Fic, Andrzej Hamera, Dominik Samol ; text Alena Benešová] 
260 |a Říčany u Prahy :  |b Junior,  |c c2006 
300 |a 63 s. :  |b barev. il. ;  |c 30 cm 
500 |a Anglicko-český slovník 
500 |a Část. přeloženo z polštiny 
546 |a Souběžný anglický text 
650 0 7 |a angličtina  |7 ph114056  |2 czenas 
650 0 7 |a zjednodušená četba  |7 ph656682  |2 czenas 
650 0 9 |a Czech language  |2 eczenas 
650 0 9 |a simplified reading  |2 eczenas 
655 7 |a pohádky  |7 fd133054  |2 czenas 
655 7 |a publikace pro děti  |7 fd133156  |2 czenas 
655 7 |a dvojjazyčná vydání  |7 fd194533  |2 czenas 
655 9 |a fairy tales  |2 eczenas 
655 9 |a children's literature  |2 eczenas 
655 9 |a bilingual editions  |2 eczenas 
700 1 |a Hamera, Andrzej  |7 mzk2006331491  |4 ill 
700 1 |a Samol, Dominik  |7 mzk2006331492  |4 ill 
700 1 |a Benešová, Alena  |7 jk01011655  |4 aut 
765 0 |t Baśnie po polsku i angielsku  |9 Česky 
910 2 |a BOA001  |b 4-1166.300 
990 |a BK 
995 |a 01 
991 |b 200604 
996 6 |b 2610275051  |c 4-1166.300  |l MZK  |r Sklad / do 1 hodiny  |n 3  |p p.v.  |w 000811686  |u 000010  |a 1  |e BOA001  |j MZK50  |s P